[Event "Campeonatos de Espana Universitarios 20"]
[Site "Universidad de Alicante, Spai"]
[Date "2019.04.10"]
[Round "4.4"]
[White "Ruperez Benito, Antonio"]
[Black "Gomez Dieguez, Adrian"]
[Result "1-0"]
[WhiteElo "2341"]
[BlackElo "2304"]
[PlyCount "69"]
[EventDate "2019.??.??"]

1. e4 {[%clk 00:40:07]  [%emt 00:00:03]} 1... e5 {
[%clk 00:40:07]  [%emt 00:00:04]} 2. Nf3 {[%clk 00:40:10]} 2... Nc6 {
[%clk 00:40:07]  [%emt 00:00:06]} 3. Bc4 {[%clk 00:40:10]  [%emt 00:00:48]}
3... Nf6 {[%clk 00:40:08]} 4. d3 {[%clk 00:40:14]} 4... h6 {
[%clk 00:40:09]  [%emt 00:00:05]} 5. O-O {[%clk 00:40:11]} 5... d6 {
[%clk 00:40:08]} 6. c3 {[%clk 00:40:12]} 6... g6 {
[%clk 00:39:58]  [%emt 00:00:14]} 7. d4 {[%clk 00:39:21]  [%emt 00:00:56]} 7...
Bg4 {[%clk 00:39:58]  [%emt 00:00:09]} 8. Qb3 {[%clk 00:34:34]  [%emt 00:04:48]
} 8... Qd7 {[%clk 00:39:57]  [%emt 00:00:31]} 9. dxe5 {
[%clk 00:31:18]  [%emt 00:02:56]} 9... Bxf3 {[%clk 00:37:44]  [%emt 00:02:19]}
10. e6 {[%clk 00:30:13]  [%emt 00:01:08]} 10... fxe6 {
[%clk 00:37:44]  [%emt 00:00:34]} 11. Bxe6 {[%clk 00:30:07]  [%emt 00:00:08]}
11... Qe7 {[%clk 00:37:40]} 12. gxf3 {[%clk 00:28:28]  [%emt 00:01:27]} 12...
Nd8 {[%clk 00:37:11]  [%emt 00:00:37]} 13. Bh3 {
[%clk 00:28:03]  [%emt 00:00:27]} 13... Bg7 {[%clk 00:37:12]  [%emt 00:00:32]}
14. Bf4 {[%clk 00:23:38]  [%emt 00:04:06]} 14... Nf7 {
[%clk 00:36:59]  [%emt 00:00:15]} 15. Qe6 {[%clk 00:22:39]  [%emt 00:01:03]}
15... Nh5 {[%clk 00:35:43]  [%emt 00:01:21]} 16. Bg3 {
[%clk 00:21:57]  [%emt 00:00:47]} 16... Qxe6 {[%clk 00:34:55]  [%emt 00:00:57]}
17. Bxe6 {[%clk 00:19:32]  [%emt 00:02:25]} 17... Ng5 {
[%clk 00:34:56]  [%emt 00:00:10]} 18. Bg4 {[%clk 00:19:28]  [%emt 00:00:07]}
18... O-O {[%clk 00:33:55]  [%emt 00:01:01]} 19. Bxh5 {
[%clk 00:15:23]  [%emt 00:04:11]} 19... gxh5 {[%clk 00:33:52]  [%emt 00:00:14]}
20. Nd2 {[%clk 00:15:27]  [%emt 00:00:03]} 20... Nxf3+ {
[%clk 00:29:23]  [%emt 00:04:29]} 21. Nxf3 {[%clk 00:15:30]  [%emt 00:00:04]}
21... Rxf3 {[%clk 00:29:18]  [%emt 00:00:06]} 22. Kg2 {
[%clk 00:15:34]  [%emt 00:00:35]} 22... Rd3 {[%clk 00:29:01]  [%emt 00:00:03]}
23. Rad1 {[%clk 00:15:33]} 23... Rxd1 {[%clk 00:29:03]} 24. Rxd1 {
[%clk 00:15:37]  [%emt 00:00:04]} 24... a5 {[%clk 00:28:33]  [%emt 00:00:25]}
25. Rd5 {[%clk 00:15:22]  [%emt 00:00:21]} 25... a4 {
[%clk 00:28:25]  [%emt 00:00:33]} 26. a3 {[%clk 00:15:08]} 26... Kf7 {
[%clk 00:28:26]  [%emt 00:00:08]} 27. Rxh5 {[%clk 00:14:44]  [%emt 00:00:41]}
27... Ra6 {[%clk 00:28:19]} 28. Rb5 {[%clk 00:14:45]  [%emt 00:00:06]} 28... b6
{[%clk 00:28:20]} 29. Rf5+ {[%clk 00:14:17]  [%emt 00:00:30]} 29... Ke6 {
[%clk 00:28:17]  [%emt 00:00:14]} 30. Rh5 {[%clk 00:14:11]  [%emt 00:00:11]}
30... c5 {[%clk 00:27:46]  [%emt 00:00:32]} 31. Bf4 {
[%clk 00:13:28]  [%emt 00:00:45]} 31... Ra5 {[%clk 00:27:47]  [%emt 00:00:29]}
32. Bxh6 {[%clk 00:12:52]  [%emt 00:00:14]} 32... Bxh6 {
[%clk 00:27:48]  [%emt 00:00:21]} 33. Rxh6+ {[%clk 00:12:56]} 33... Ke5 {
[%clk 00:27:46]} 34. Kf3 {[%clk 00:12:59]} 34... Rb5 {
[%clk 00:27:46]  [%emt 00:00:08]} 35. Ke3 {[%clk 00:13:02]} 1-0

[Event "Campeonatos de Espana Universitarios 20"]
[Site "Universidad de Alicante, Spai"]
[Date "2019.04.10"]
[Round "4.6"]
[White "Cruz Lledo, Pablo"]
[Black "De La Cruz Revilla, Miguel"]
[Result "1-0"]
[WhiteElo "2436"]
[BlackElo "2120"]
[PlyCount "43"]
[EventDate "2019.??.??"]

1. d4 {[%clk 00:40:07]  [%emt 00:00:25]} 1... Nf6 {[%clk 00:40:05]} 2. g3 {
[%clk 00:40:09]} 2... c5 {[%clk 00:40:00]  [%emt 00:00:07]} 3. c3 {
[%clk 00:39:53]  [%emt 00:00:32]} 3... d5 {[%clk 00:38:26]  [%emt 00:01:36]} 4.
Bg2 {[%clk 00:39:55]  [%emt 00:00:39]} 4... Nc6 {[%clk 00:38:05]} 5. Nf3 {
[%clk 00:39:54]  [%emt 00:00:04]} 5... Qb6 {[%clk 00:36:41]  [%emt 00:01:33]}
6. O-O {[%clk 00:39:40]  [%emt 00:00:07]} 6... Bg4 {
[%clk 00:36:25]  [%emt 00:00:24]} 7. Ne5 {[%clk 00:38:19]  [%emt 00:01:23]}
7... cxd4 {[%clk 00:34:40]  [%emt 00:01:51]} 8. Nxg4 {
[%clk 00:37:57]  [%emt 00:00:33]} 8... Nxg4 {[%clk 00:34:37]  [%emt 00:00:07]}
9. e4 {[%clk 00:37:51]  [%emt 00:00:08]} 9... Nf6 {
[%clk 00:28:29]  [%emt 00:06:13]} 10. exd5 {[%clk 00:37:37]  [%emt 00:00:16]}
10... Nb8 {[%clk 00:26:59]  [%emt 00:01:37]} 11. cxd4 {
[%clk 00:37:29]  [%emt 00:00:22]} 11... Nbd7 {[%clk 00:25:30]  [%emt 00:01:23]}
12. Nc3 {[%clk 00:37:24]  [%emt 00:00:16]} 12... g6 {
[%clk 00:25:16]  [%emt 00:00:17]} 13. Bf4 {[%clk 00:33:52]  [%emt 00:03:39]}
13... Bg7 {[%clk 00:25:08]  [%emt 00:00:08]} 14. d6 {
[%clk 00:33:44]  [%emt 00:00:39]} 14... exd6 {[%clk 00:24:26]  [%emt 00:01:00]}
15. Re1+ {[%clk 00:33:25]  [%emt 00:00:03]} 15... Kf8 {[%clk 00:24:23]} 16. Na4
{[%clk 00:32:36]  [%emt 00:00:43]} 16... Qa6 {[%clk 00:23:07]  [%emt 00:01:21]}
17. Bf1 {[%clk 00:32:39]  [%emt 00:00:09]} 17... Qa5 {
[%clk 00:21:32]  [%emt 00:01:33]} 18. Bxd6+ {[%clk 00:31:34]  [%emt 00:01:10]}
18... Kg8 {[%clk 00:21:36]  [%emt 00:00:10]} 19. Bc4 {
[%clk 00:27:40]  [%emt 00:03:50]} 19... Nb6 {[%clk 00:19:54]  [%emt 00:01:46]}
20. Nxb6 {[%clk 00:27:13]  [%emt 00:00:35]} 20... Qxb6 {
[%clk 00:18:18]  [%emt 00:01:38]} 21. Bc5 {[%clk 00:26:22]  [%emt 00:00:55]}
21... Qd8 {[%clk 00:17:41]  [%emt 00:00:43]} 22. Qb3 {[%emt 00:00:44]} 1-0

[Event "Campeonatos de Espana Universitarios 20"]
[Site "Universidad de Alicante, Spai"]
[Date "2019.04.10"]
[Round "4.7"]
[White "Taboas Rodriguez, Daniel"]
[Black "Garcia Garcia, Adrian Antonio"]
[Result "1-0"]
[WhiteElo "2423"]
[BlackElo "2189"]
[PlyCount "145"]
[EventDate "2019.??.??"]

1. d4 {[%clk 00:40:10]} 1... e6 {[%clk 00:40:08]  [%emt 00:00:36]} 2. c4 {
[%clk 00:39:39]  [%emt 00:00:18]} 2... f5 {[%clk 00:40:11]  [%emt 00:00:05]} 3.
g3 {[%clk 00:39:35]  [%emt 00:00:11]} 3... Nf6 {
[%clk 00:40:14]  [%emt 00:00:04]} 4. Bg2 {[%clk 00:39:37]} 4... c6 {
[%clk 00:40:17]  [%emt 00:00:03]} 5. Nh3 {[%clk 00:39:25]  [%emt 00:00:11]}
5... d5 {[%clk 00:40:20]  [%emt 00:00:20]} 6. O-O {[%clk 00:39:27]} 6... Bd6 {
[%clk 00:40:23]  [%emt 00:00:03]} 7. Bf4 {[%clk 00:39:27]} 7... O-O {
[%clk 00:40:22]} 8. Nd2 {[%clk 00:39:26]  [%emt 00:00:04]} 8... Re8 {
[%clk 00:39:49]  [%emt 00:00:41]} 9. Rc1 {[%clk 00:38:38]  [%emt 00:00:48]}
9... Bxf4 {[%clk 00:39:47]  [%emt 00:00:12]} 10. Nxf4 {
[%clk 00:38:40]  [%emt 00:00:04]} 10... Nbd7 {[%clk 00:39:50]} 11. Nf3 {
[%clk 00:38:37]  [%emt 00:00:11]} 11... Ne4 {[%clk 00:39:43]  [%emt 00:00:04]}
12. Nd3 {[%clk 00:38:36]  [%emt 00:00:39]} 12... Qe7 {
[%clk 00:38:56]  [%emt 00:00:21]} 13. Nfe5 {[%clk 00:38:27]  [%emt 00:00:23]}
13... Nxe5 {[%clk 00:38:47]  [%emt 00:00:06]} 14. Nxe5 {
[%clk 00:38:30]  [%emt 00:00:04]} 14... Nd6 {[%clk 00:38:33]  [%emt 00:00:35]}
15. f4 {[%clk 00:35:53]  [%emt 00:02:22]} 15... Nf7 {
[%clk 00:38:32]  [%emt 00:00:10]} 16. Nd3 {[%clk 00:35:54]  [%emt 00:00:07]}
16... Bd7 {[%clk 00:37:58]  [%emt 00:00:31]} 17. Qb3 {
[%clk 00:35:52]  [%emt 00:00:12]} 17... Rab8 {[%clk 00:37:50]  [%emt 00:00:11]}
18. Qb4 {[%clk 00:35:15]  [%emt 00:00:39]} 18... Nd6 {
[%clk 00:35:46]  [%emt 00:02:09]} 19. Ne5 {[%clk 00:35:00]  [%emt 00:00:21]}
19... Nxc4 {[%clk 00:34:01]  [%emt 00:01:50]} 20. Qxe7 {
[%clk 00:35:01]  [%emt 00:00:09]} 20... Rxe7 {[%clk 00:34:04]} 21. Nxc4 {
[%clk 00:35:04]} 21... dxc4 {[%clk 00:34:08]} 22. Rxc4 {
[%clk 00:35:07]  [%emt 00:00:33]} 22... Be8 {[%clk 00:33:44]} 23. Rfc1 {
[%clk 00:34:59]  [%emt 00:00:10]} 23... Rd8 {[%clk 00:33:12]  [%emt 00:00:37]}
24. e3 {[%clk 00:34:55]  [%emt 00:00:28]} 24... h6 {
[%clk 00:33:13]  [%emt 00:00:07]} 25. Kf2 {[%clk 00:34:48]} 25... Bf7 {
[%clk 00:32:33]  [%emt 00:00:47]} 26. Rc5 {[%clk 00:34:42]  [%emt 00:00:03]}
26... g5 {[%clk 00:31:29]  [%emt 00:01:11]} 27. Bf3 {
[%clk 00:34:25]  [%emt 00:00:18]} 27... Kg7 {[%clk 00:30:44]  [%emt 00:00:48]}
28. b4 {[%clk 00:34:11]  [%emt 00:00:26]} 28... a6 {
[%clk 00:30:42]  [%emt 00:00:03]} 29. a4 {[%clk 00:34:10]  [%emt 00:00:06]}
29... Ra8 {[%clk 00:30:16]  [%emt 00:00:27]} 30. Be2 {
[%clk 00:33:45]  [%emt 00:00:47]} 30... Be8 {[%clk 00:30:08]  [%emt 00:00:15]}
31. Ra5 {[%clk 00:33:28]  [%emt 00:00:07]} 31... Rb8 {
[%clk 00:29:10]  [%emt 00:01:01]} 32. Re5 {[%clk 00:30:43]  [%emt 00:02:49]}
32... Kf6 {[%clk 00:28:58]  [%emt 00:00:21]} 33. Bd3 {
[%clk 00:30:01]  [%emt 00:00:44]} 33... Rd8 {[%clk 00:28:12]  [%emt 00:00:51]}
34. Bc4 {[%clk 00:28:52]  [%emt 00:01:22]} 34... Rc8 {
[%clk 00:26:27]  [%emt 00:01:44]} 35. Bb3 {[%clk 00:28:46]  [%emt 00:00:44]}
35... Rd8 {[%clk 00:26:31]} 36. h3 {[%clk 00:28:31]  [%emt 00:00:03]} 36...
gxf4 {[%clk 00:24:54]  [%emt 00:01:24]} 37. gxf4 {
[%clk 00:28:20]  [%emt 00:00:25]} 37... Bf7 {[%clk 00:23:46]  [%emt 00:01:11]}
38. Bc4 {[%clk 00:25:35]  [%emt 00:02:45]} 38... Rc7 {
[%clk 00:23:33]  [%emt 00:00:16]} 39. Be2 {[%clk 00:25:25]  [%emt 00:00:47]}
39... Rd5 {[%clk 00:21:38]  [%emt 00:01:28]} 40. b5 {
[%clk 00:24:34]  [%emt 00:00:57]} 40... axb5 {[%clk 00:20:44]  [%emt 00:01:01]}
41. axb5 {[%clk 00:24:38]  [%emt 00:00:08]} 41... Be8 {
[%clk 00:18:23]  [%emt 00:02:16]} 42. b6 {[%clk 00:23:20]  [%emt 00:01:23]}
42... Rc8 {[%clk 00:17:47]  [%emt 00:00:42]} 43. Ra1 {
[%clk 00:23:20]  [%emt 00:00:19]} 43... Rb8 {[%clk 00:09:17]  [%emt 00:08:20]}
44. Ra7 {[%clk 00:21:01]  [%emt 00:02:24]} 44... Ke7 {
[%clk 00:08:30]  [%emt 00:00:51]} 45. Ba6 {[%clk 00:20:26]  [%emt 00:00:40]}
45... Rd7 {[%clk 00:08:34]  [%emt 00:00:41]} 46. Bc4 {[%clk 00:20:25]} 46...
Bf7 {[%clk 00:08:06]  [%emt 00:00:08]} 47. Rc5 {
[%clk 00:19:56]  [%emt 00:00:26]} 47... Kd6 {[%clk 00:07:52]  [%emt 00:00:36]}
48. Be2 {[%clk 00:19:17]  [%emt 00:00:26]} 48... Ke7 {
[%clk 00:07:17]  [%emt 00:00:44]} 49. Bf3 {[%clk 00:19:08]  [%emt 00:00:36]}
49... Be8 {[%clk 00:07:00]  [%emt 00:00:06]} 50. Rc1 {
[%clk 00:17:54]  [%emt 00:01:10]} 50... Bf7 {[%clk 00:07:00]  [%emt 00:00:38]}
51. Rg1 {[%clk 00:17:29]} 51... Rd6 {[%clk 00:06:47]  [%emt 00:00:17]} 52. Rga1
{[%clk 00:17:02]  [%emt 00:00:30]} 52... Be8 {[%clk 00:06:12]  [%emt 00:00:42]}
53. Kg3 {[%clk 00:14:41]  [%emt 00:02:42]} 53... Kf6 {
[%clk 00:05:56]  [%emt 00:00:04]} 54. Kh4 {[%clk 00:14:28]  [%emt 00:00:49]}
54... Rd7 {[%clk 00:03:07]  [%emt 00:02:21]} 55. Be2 {
[%clk 00:11:47]  [%emt 00:02:47]} 55... Bf7 {[%clk 00:01:59]  [%emt 00:01:13]}
56. Bc4 {[%clk 00:07:40]  [%emt 00:04:11]} 56... Ke7 {
[%clk 00:02:03]  [%emt 00:00:31]} 57. Ra8 {[%clk 00:07:12]  [%emt 00:00:13]}
57... Rdd8 {[%clk 00:01:45]  [%emt 00:00:16]} 58. R8a2 {
[%clk 00:06:10]  [%emt 00:01:06]} 58... Rd7 {[%clk 00:01:49]  [%emt 00:00:03]}
59. Rg1 {[%clk 00:05:58]  [%emt 00:00:12]} 59... Rc8 {
[%clk 00:01:07]  [%emt 00:00:47]} 60. Ra5 {[%clk 00:05:53]  [%emt 00:00:11]}
60... Kf6 {[%clk 00:01:11]  [%emt 00:00:08]} 61. Be2 {
[%clk 00:05:47]  [%emt 00:00:07]} 61... Bg6 {[%clk 00:00:35]  [%emt 00:00:38]}
62. Bf3 {[%clk 00:05:24]  [%emt 00:00:30]} 62... Rg7 {
[%clk 00:00:35]  [%emt 00:00:06]} 63. Ra7 {[%clk 00:05:20]  [%emt 00:00:06]}
63... Rb8 {[%clk 00:00:40]  [%emt 00:00:33]} 64. Rg2 {
[%clk 00:05:07]  [%emt 00:00:03]} 64... Be8 {[%clk 00:00:39]} 65. Rga2 {
[%clk 00:04:50]  [%emt 00:00:10]} 65... Rd7 {[%clk 00:00:36]  [%emt 00:00:14]}
66. Rg2 {[%clk 00:03:53]  [%emt 00:00:57]} 66... Rg7 {[%clk 00:00:40]} 67. Rxg7
{[%clk 00:03:36]  [%emt 00:00:22]} 67... Kxg7 {[%clk 00:00:44]  [%emt 00:00:06]
} 68. Ra1 {[%clk 00:03:40]  [%emt 00:00:04]} 68... Kf6 {[%clk 00:00:48]} 69.
Rg1 {[%clk 00:03:40]  [%emt 00:00:09]} 69... Bf7 {
[%clk 00:00:41]  [%emt 00:00:04]} 70. Bh5 {[%clk 00:03:33]  [%emt 00:00:13]}
70... Rg8 {[%clk 00:00:37]  [%emt 00:00:08]} 71. Rxg8 {
[%clk 00:03:36]  [%emt 00:00:04]} 71... Bxg8 {[%clk 00:00:41]} 72. Be8 {
[%clk 00:03:39]  [%emt 00:00:04]} 72... Ke7 {[%clk 00:00:38]  [%emt 00:00:08]}
73. Bxc6 {[%clk 00:03:42]  [%emt 00:00:03]} 1-0

[Event "Campeonatos de Espana Universitarios 20"]
[Site "Universidad de Alicante, Spai"]
[Date "2019.04.10"]
[Round "5.1"]
[White "Suarez Gomez, Julio"]
[Black "Motos Abellan, Daniel"]
[Result "1-0"]
[WhiteElo "2449"]
[BlackElo "2100"]
[PlyCount "93"]
[EventDate "2019.??.??"]

1. e4 {[%clk 00:40:07]  [%emt 00:00:07]} 1... e6 {
[%clk 00:40:04]  [%emt 00:00:08]} 2. d4 {[%clk 00:40:10]} 2... b6 {
[%clk 00:39:58]  [%emt 00:00:08]} 3. Nf3 {[%clk 00:39:55]  [%emt 00:00:20]}
3... Bb7 {[%clk 00:40:01]  [%emt 00:00:32]} 4. Bd3 {[%clk 00:39:58]} 4... c5 {
[%clk 00:39:53]  [%emt 00:00:04]} 5. O-O {[%clk 00:39:50]  [%emt 00:00:04]}
5... Nf6 {[%clk 00:39:56]} 6. e5 {[%clk 00:39:14]  [%emt 00:00:59]} 6... Ng8 {
[%clk 00:38:37]  [%emt 00:01:28]} 7. c3 {[%clk 00:38:51]  [%emt 00:00:07]} 7...
Nc6 {[%clk 00:38:19]  [%emt 00:00:22]} 8. a3 {[%clk 00:37:20]  [%emt 00:01:27]}
8... d5 {[%clk 00:38:19]  [%emt 00:00:33]} 9. b4 {
[%clk 00:36:19]  [%emt 00:00:40]} 9... c4 {[%clk 00:38:00]  [%emt 00:00:28]}
10. Bc2 {[%clk 00:36:18]  [%emt 00:00:09]} 10... Qc7 {
[%clk 00:37:30]  [%emt 00:00:27]} 11. Ng5 {[%clk 00:34:14]  [%emt 00:02:09]}
11... O-O-O {[%clk 00:35:44]  [%emt 00:01:50]} 12. Qf3 {
[%clk 00:30:26]  [%emt 00:03:54]} 12... Nh6 {[%clk 00:32:44]  [%emt 00:03:05]}
13. Nxh7 {[%clk 00:30:27]  [%emt 00:00:18]} 13... Nxe5 {
[%clk 00:29:30]  [%emt 00:03:07]} 14. Qg3 {[%clk 00:24:42]  [%emt 00:05:52]}
14... Neg4 {[%clk 00:28:06]  [%emt 00:01:25]} 15. Qxc7+ {
[%clk 00:24:37]  [%emt 00:00:40]} 15... Kxc7 {[%clk 00:28:09]} 16. Nxf8 {
[%clk 00:24:33]  [%emt 00:00:04]} 16... Rhxf8 {[%clk 00:27:19]  [%emt 00:00:33]
} 17. h3 {[%clk 00:24:33]  [%emt 00:00:19]} 17... Nf6 {
[%clk 00:26:55]  [%emt 00:00:18]} 18. Bf4+ {[%clk 00:24:06]  [%emt 00:00:29]}
18... Kc8 {[%clk 00:26:32]  [%emt 00:00:27]} 19. Nd2 {
[%clk 00:24:07]  [%emt 00:00:11]} 19... Nd7 {[%clk 00:25:14]  [%emt 00:01:17]}
20. Rae1 {[%clk 00:23:25]  [%emt 00:00:45]} 20... Rfe8 {
[%clk 00:25:16]  [%emt 00:00:08]} 21. Nf3 {[%clk 00:21:49]  [%emt 00:01:36]}
21... Bc6 {[%clk 00:22:34]  [%emt 00:02:50]} 22. a4 {
[%clk 00:20:56]  [%emt 00:00:55]} 22... a6 {[%clk 00:22:38]  [%emt 00:00:05]}
23. g4 {[%clk 00:19:08]  [%emt 00:01:49]} 23... b5 {
[%clk 00:22:16]  [%emt 00:00:31]} 24. a5 {[%clk 00:19:01]  [%emt 00:00:08]}
24... Kb7 {[%clk 00:21:40]  [%emt 00:00:41]} 25. Bg3 {
[%clk 00:17:33]  [%emt 00:01:33]} 25... Nf8 {[%clk 00:21:22]  [%emt 00:00:25]}
26. Ne5 {[%clk 00:17:21]  [%emt 00:00:16]} 26... f6 {
[%clk 00:19:27]  [%emt 00:01:59]} 27. Nxc6 {[%clk 00:16:39]  [%emt 00:00:50]}
27... Kxc6 {[%clk 00:19:30]  [%emt 00:00:03]} 28. Kg2 {
[%clk 00:16:27]  [%emt 00:00:14]} 28... Nf7 {[%clk 00:19:16]  [%emt 00:00:20]}
29. f4 {[%clk 00:14:52]  [%emt 00:01:40]} 29... g6 {
[%clk 00:18:58]  [%emt 00:00:23]} 30. Bh4 {[%clk 00:14:37]  [%emt 00:00:20]}
30... g5 {[%clk 00:14:47]  [%emt 00:04:17]} 31. fxg5 {
[%clk 00:14:36]  [%emt 00:00:06]} 31... fxg5 {[%clk 00:14:48]  [%emt 00:00:08]}
32. Rxf7 {[%clk 00:14:29]  [%emt 00:00:04]} 32... gxh4 {
[%clk 00:14:49]  [%emt 00:00:11]} 33. g5 {[%clk 00:14:28]  [%emt 00:00:04]}
33... Rd7 {[%clk 00:14:21]  [%emt 00:00:29]} 34. Ref1 {
[%clk 00:14:00]  [%emt 00:00:33]} 34... Rxf7 {[%clk 00:12:21]  [%emt 00:02:31]}
35. Rxf7 {[%clk 00:14:03]  [%emt 00:00:04]} 35... e5 {
[%clk 00:10:54]  [%emt 00:01:05]} 36. g6 {[%clk 00:14:04]  [%emt 00:00:17]}
36... exd4 {[%clk 00:06:06]  [%emt 00:04:57]} 37. g7 {
[%clk 00:10:59]  [%emt 00:02:51]} 37... Ne6 {[%clk 00:06:10]  [%emt 00:00:16]}
38. Rf6 {[%clk 00:10:55]} 38... Kd6 {[%clk 00:05:21]  [%emt 00:00:50]} 39. Bf5
{[%clk 00:10:35]  [%emt 00:00:24]} 39... dxc3 {[%clk 00:05:08]  [%emt 00:00:19]
} 40. Rxe6+ {[%clk 00:10:23]  [%emt 00:00:22]} 40... Rxe6 {[%clk 00:05:12]} 41.
g8=Q {[%clk 00:10:13]  [%emt 00:00:17]} 41... Re2+ {
[%clk 00:05:15]  [%emt 00:00:03]} 42. Kf3 {[%clk 00:10:00]  [%emt 00:00:11]}
42... c2 {[%clk 00:05:15]  [%emt 00:00:29]} 43. Bxc2 {
[%clk 00:09:51]  [%emt 00:00:04]} 43... Rxc2 {[%clk 00:04:29]  [%emt 00:00:46]}
44. Qg6+ {[%clk 00:09:53]  [%emt 00:00:08]} 44... Kc7 {
[%clk 00:04:12]  [%emt 00:00:11]} 45. Qxc2 {[%clk 00:09:56]  [%emt 00:00:03]}
45... d4 {[%clk 00:04:15]} 46. Qg6 {[%clk 00:09:53]  [%emt 00:00:07]} 46... d3
{[%clk 00:04:16]  [%emt 00:00:05]} 47. Ke4 {[%emt 00:00:18]} 1-0